| 000 | 00955nam a2200241 a 4500 | ||
|---|---|---|---|
| 001 | 81188 | ||
| 003 | BD-RjUL | ||
| 005 | 20230616195439.0 | ||
| 008 | 230207s1974 bg a|||| m||| 00| 0 eng d | ||
| 035 | _a(BD-RjUL)81188 | ||
| 040 |
_aBD-RjUL _beng _cBD-RjUL _dBD-RjUL |
||
| 041 | _aeng | ||
| 082 |
_223 _a153.94 _bSHC 1974 |
||
| 100 |
_aShah, Amzad Hossain _96889 |
||
| 245 | 1 | 0 |
_aTHE CONSTRUCTION AND STANDARDIZATION OF A NON-LANGUAGE TEST OF MENTAL ABILITY FOR SECONDARY SCHOOL STUDENTS (Class IX-X) / _cBy Amzad Hossain Shah ; _6Supervisor : Moalem Huda |
| 260 |
_aRajshahi : _bDepartment of Psychology, University of Rajshahi, _c1974 |
||
| 300 |
_a[8], 107, [17], leaves : _bill.; _c29 cm. |
||
| 502 | _aThesis(Ph.D.)-- Department of Psychology,University of Rajshahi,1974 | ||
| 504 | _aBibliography : Leaves 101-107 | ||
| 650 |
_aConscious mental processes _xSpecial abilities _96890 |
||
| 700 |
_aHuda, Moalem, Supervisor _96891 |
||
| 942 |
_2ddc _cTHE |
||
| 999 |
_c81188 _d81188 |
||